000 00480cam a2200181ua 4500
001 11800
008 191107n ii |||gr||||Z||||||asm
040 _cMAIN
082 _a891.4514
100 _aAparna Mahanta,
_eEditor.,
245 _aGhar Jeuti
_cEdited by Aparna Mahanta
250 _a1st ed.
260 _aGuwahati:
_bPublication board Assam,
_c2008.
300 _a1222p.
653 _aEast Indo-European & Celtic literatures
653 _aAssamese Magazine
942 _cBK
999 _c10595
_d10595